| 000 | 00380nam a2200157Ia 4500 | ||
|---|---|---|---|
| 003 | OSt | ||
| 008 | 191201s2012 xx 000 0 und d | ||
| 082 |
_a621.382 _bGUE |
||
| 100 | _aGUPTA, Vishal | ||
| 245 | 0 | _aElements of Electronic Engineering | |
| 250 | _a1st | ||
| 260 |
_aKarnal _bNatraj Publication Karnal _c2012 |
||
| 300 | _a235 | ||
| 650 | _aB.Tech(ECE) | ||
| 942 |
_2ddc _cBK |
||
| 999 |
_c5521 _d5521 |
||